Statistics for Countries by Football League Name

Click here to take the quiz!

General Stats

  • This quiz has been taken 12 times
  • The average score is 13 of 22

Answer Stats

LeagueCountry% Correct
Ligue 1France
92%
Major League SoccerUSA / Canada
92%
EredivisieNetherlands
83%
EliteserienNorway
83%
AllsvenskanSweden
83%
SuperligaenDenmark
75%
VeikkausliigaFinland
75%
K League 1South Korea
75%
LaLiga SantanderSpain
75%
Persian Gulf Pro LeagueIran
67%
J.LeagueJapan
67%
EkstraklasaPoland
67%
Liga NOSPortugal
67%
Gambrinus LigaCzech Republic
58%
Liga MXMexico
58%
Prva HNLCroatia
42%
Nemzeti Bajnoksag IHungary
42%
Campeonato ScotiabankChile
33%
Urvalsdeild karlaIceland
25%
MeistrilligaEstonia
17%
BotolaMorocco
8%
GirabolaAngola
0%

Score Distribution

Percentile by Number Answered

Percent of People with Each Score

Your Score History

You have not taken this quiz